[Event "17. Int. Offene Wiener Schachmeisterschaft 2011 A-
[Site "Grosser Festsaal im Wiener Rathaus"]
[Date "2011.08.19"]
[Round "7"]
[Board "1"]
[White "Stigar, Petter"]
[Black "Farago, Ivan"]
[Result "0-1"]
[WhiteElo "2298"]
[BlackElo "2485"]
[PlyCount "125"]
[EventDate "2011.08.13"]
[EventRounds "9"]
[EventCountry "AUT"]

1.Nf3 c5 2.c4 Nc6 3.Nc3 e5 4.g3 g6 5.Bg2 Bg7 6.O-O Nge7 7.Ne1 O-O 8.a3 d6 9.Nc2
Be6 10.Ne3 Qd7 11.Rb1 Bh3 12.d3 Bxg2 13.Kxg2 f5 14.Ned5 Nxd5 15.Nxd5 Ne7
16.Nxe7+ Qxe7 17.b4 b6 18.Bd2 e4 19.Qc2 Rae8 20.Rfe1 h5 21.Bc3 Bxc3 22.Qxc3 f4
23.f3 fxg3 24.hxg3 h4 25.dxe4 Qg5 26.Rg1 Qxg3+ 27.Kf1 Qh3+ 28.Kf2 Kh7 29.Qd3
Qh2+ 30.Rg2 Qe5 31.Rd1 Rf6 32.Rg4 g5 33.Rdg1 Rg8 34.b5 Rf4 35.Qd5 Qxd5 36.exd5
Rxg4 37.Rxg4 Kh6 38.Re4 Kh5 39.Rg4 Re8 40.a4 Re7 41.e4 Re8 42.Rg1 Kg6 43.a5 bxa5
44.Ra1 g4 45.fxg4 Rxe4 46.Rxa5 Rxg4 47.Rxa7 h3 48.Ra3 h2 49.Rh3 Rxc4 50.Rxh2 Rb4
51.Rh8 Kf5 52.Re8 Rxb5 53.Re6 c4 54.Rxd6 Ke5 55.Rd8 Kd4 56.d6 Kd3 57.d7 Rb7
58.Kf3 c3 59.Kf4 c2 60.Kf5 c1=Q 61.Rc8 Qf1+ 62.Ke6 Qh3+ 63.Ke5 0-1

[Event "17. Int. Offene Wiener Schachmeisterschaft 2011 A-
[Site "Grosser Festsaal im Wiener Rathaus"]
[Date "2011.08.19"]
[Round "7"]
[Board "1"]
[White "Beckhuis, Gernod"]
[Black "Poetz, Florian"]
[Result "1/2-1/2"]
[WhiteElo "2300"]
[BlackElo "2416"]
[PlyCount "120"]
[EventDate "2011.08.13"]
[EventRounds "9"]
[EventCountry "AUT"]

1.d4 Nf6 2.c4 e6 3.Nf3 Bb4+ 4.Bd2 c5 5.Bxb4 cxb4 6.g3 O-O 7.Bg2 d6 8.O-O Re8
9.a3 Nc6 10.axb4 Nxb4 11.Nc3 Bd7 12.Qb3 a5 13.Na2 Nxa2 14.Qxa2 Bc6 15.Rfd1 b5
16.d5 exd5 17.Nd4 Qd7 18.cxb5 Bb7 19.Rd3 Rec8 20.Nc6 Bxc6 21.bxc6 Qxc6 22.Bxd5
Nxd5 23.Qxd5 Qxd5 24.Rxd5 Rab8 25.Raxa5 Rxb2 26.e3 Rb6 27.Ra7 g6 28.Rd7 Rcc6
29.Rd4 d5 30.R4xd5 h5 31.Rd4 Kg7 32.h3 Rb2 33.g4 hxg4 34.hxg4 Rf6 35.Rd2 Rxd2
36.Rxd2 g5 37.Kg2 Rb6 38.Rd3 Rb4 39.Kg3 Ra4 40.Rd5 Kg6 41.Rd6+ Kg7 42.Rd5 Kg6
43.f4 gxf4+ 44.exf4 Kg7 45.Rg5+ Kh7 46.f5 Kh6 47.Rg8 Kh7 48.Rg5 Kh6 49.Kh4 Ra1
50.Rh5+ Kg7 51.Kg5 f6+ 52.Kf4 Ra4+ 53.Kf3 Ra3+ 54.Ke2 Ra2+ 55.Kd3 Ra3+ 56.Kc2
Ra4 57.Rh4 Rf4 58.Kd3 Ra4 59.Ke3 Rb4 60.Kd3 Ra4 1/2-1/2

[Event "17. Int. Offene Wiener Schachmeisterschaft 2011 A-
[Site "Grosser Festsaal im Wiener Rathaus"]
[Date "2011.08.19"]
[Round "7"]
[Board "1"]
[White "Schnepp, Gunnar"]
[Black "Poetsch, Hagen"]
[Result "1/2-1/2"]
[WhiteElo "2300"]
[BlackElo "2403"]
[PlyCount "37"]
[EventDate "2011.08.13"]
[EventRounds "9"]
[EventCountry "AUT"]

1.d4 Nf6 2.c4 e6 3.Nc3 Bb4 4.Qc2 O-O 5.a3 Bxc3+ 6.Qxc3 d5 7.Bg5 dxc4 8.Qxc4 b6
9.Nf3 Ba6 10.Qa4 Bb7 11.e3 Nbd7 12.Be2 c5 13.O-O Qc8 14.Bxf6 Nxf6 15.Rac1 Bc6
16.Qc2 Be4 17.Qa4 Bc6 18.Qc2 Be4 19.Qa4 1/2-1/2

[Event "17. Int. Offene Wiener Schachmeisterschaft 2011 A-
[Site "Grosser Festsaal im Wiener Rathaus"]
[Date "2011.08.19"]
[Round "7"]
[Board "1"]
[White "Biti, Ozren"]
[Black "Van der Heijden, Ton"]
[Result "1-0"]
[WhiteElo "2400"]
[BlackElo "2287"]
[PlyCount "123"]
[EventDate "2011.08.13"]
[EventRounds "9"]
[EventCountry "AUT"]

1.e4 c5 2.Nc3 Nc6 3.Bb5 Nd4 4.Bc4 e6 5.Nf3 Nf6 6.O-O a6 7.d3 b5 8.Bb3 Nxb3
9.axb3 Bb7 10.e5 b4 11.Nb1 Ng4 12.Bf4 d6 13.exd6 Bxd6 14.Bxd6 Qxd6 15.Nbd2 O-O
16.Qe2 Rfe8 17.h3 Nf6 18.Qe5 Qe7 19.Ra5 Bd5 20.Qe3 Qb7 21.Rxc5 e5 22.Re1 e4
23.dxe4 Bxe4 24.Nxe4 Rxe4 25.Qd2 Rxe1+ 26.Qxe1 Nd5 27.Qe4 Rd8 28.Ne5 h6 29.Nc6
Rd6 30.Ne7+ Qxe7 31.Rc8+ Qd8 32.Rxd8+ Rxd8 33.Qd4 Rd7 34.Qe5 Kf8 35.c4 bxc3
36.bxc3 Nc7 37.c4 Re7 38.Qd6 f6 39.b4 Ke8 40.b5 axb5 41.cxb5 Ne6 42.h4 Nd8
43.Kh2 Rd7 44.Qc5 Nb7 45.Qc6 Nd8 46.Qc4 Kf8 47.b6 Nb7 48.h5 Nd8 49.Kh3 Ke7
50.Kg4 Nb7 51.Qg8 Kd6 52.Kf5 Nd8 53.Qc4 Rb7 54.Qc8 Rd7 55.Kg6 Nb7 56.f4 Nc5
57.g3 Nb7 58.Qxd7+ Kxd7 59.Kxg7 Ke6 60.Kxh6 Kf7 61.g4 Nd6 62.Kh7 1-0

[Event "17. Int. Offene Wiener Schachmeisterschaft 2011 A-
[Site "Grosser Festsaal im Wiener Rathaus"]
[Date "2011.08.19"]
[Round "7"]
[Board "1"]
[White "Webersberger, Johann"]
[Black "Enoeckl, Philipp"]
[Result "1/2-1/2"]
[WhiteElo "2381"]
[BlackElo "2277"]
[PlyCount "25"]
[EventDate "2011.08.13"]
[EventRounds "9"]
[EventCountry "AUT"]

1.e4 e5 2.Nf3 Nc6 3.Bb5 a6 4.Ba4 Nf6 5.O-O b5 6.Bb3 Be7 7.Re1 O-O 8.h3 d6 9.c3
Re8 10.Ng5 Rf8 11.Nf3 Re8 12.Ng5 Rf8 13.Nf3 1/2-1/2

[Event "17. Int. Offene Wiener Schachmeisterschaft 2011 A-
[Site "Grosser Festsaal im Wiener Rathaus"]
[Date "2011.08.19"]
[Round "7"]
[Board "1"]
[White "Jakovljevic, Vlado"]
[Black "Khmelevskyi, Sergii"]
[Result "1-0"]
[WhiteElo "2377"]
[BlackElo "2273"]
[PlyCount "72"]
[EventDate "2011.08.13"]
[EventRounds "9"]
[EventCountry "AUT"]

1.Nf3 Nf6 2.c4 b6 3.g3 Bb7 4.Bg2 g6 5.d4 Bg7 6.O-O O-O 7.d5 Ne4 8.Qc2 f5 9.Nfd2
Nd6 10.Nb3 c5 11.Bf4 Nf7 12.Nc3 Qc8 13.Rae1 e5 14.Bc1 d6 15.e4 Ba6 16.exf5 gxf5
17.Bh3 Nd8 18.Ne4 Qc7 19.Ng5 Bc8 20.f4 e4 21.Rxe4 h6 22.Ne6 Nxe6 23.Rxe6 Bxe6
24.dxe6 Nc6 25.Bxf5 Rae8 26.Qe4 Ne7 27.Bh3 Qc6 28.Bg2 Qxe4 29.Bxe4 Nf5 30.g4 Nd4
31.Nxd4 Bxd4+ 32.Kg2 Kg7 33.f5 Bf6 34.Rd1 Rd8 35.Bf4 Be7 36.Kg3 Rfe8 1-0

[Event "17. Int. Offene Wiener Schachmeisterschaft 2011 A-
[Site "Grosser Festsaal im Wiener Rathaus"]
[Date "2011.08.19"]
[Round "7"]
[Board "1"]
[White "Schneider-Zinner, Harald"]
[Black "Duport, Nicolas"]
[Result "1-0"]
[WhiteElo "2346"]
[BlackElo "2169"]
[PlyCount "81"]
[EventDate "2011.08.13"]
[EventRounds "9"]
[EventCountry "AUT"]

1.c4 e5 2.Nc3 Nf6 3.g3 d5 4.cxd5 Nxd5 5.Bg2 Nb6 6.Nf3 Nc6 7.O-O Be7 8.Rb1 a5
9.d3 O-O 10.Be3 Re8 11.a3 Bf8 12.Bxb6 cxb6 13.Nd2 Nd4 14.e3 Ne6 15.Nc4 Nc5
16.Nd5 Be6 17.Ncxb6 Ra6 18.d4 exd4 19.exd4 Nd7 20.Nc4 Qg5 21.Nce3 Bxd5 22.Nxd5
Rd6 23.h4 Qd8 24.Re1 Rxe1+ 25.Qxe1 Nb6 26.Ne3 Rxd4 27.Qxa5 Qf6 28.Bxb7 g6 29.Qc3
Qd6 30.Bf3 Rd3 31.Qc6 Qb8 32.Qe4 Rd7 33.Rd1 Re7 34.Qd3 Na4 35.b4 Qa7 36.Rc1 h5
37.Rc8 Nb6 38.Rd8 Nd7 39.Kg2 Ne5 40.Qc3 Nxf3 41.Rxf8+ 1-0

[Event "17. Int. Offene Wiener Schachmeisterschaft 2011 A-
[Site "Grosser Festsaal im Wiener Rathaus"]
[Date "2011.08.19"]
[Round "7"]
[Board "1"]
[White "Larmuseau, Maarten"]
[Black "Buljubasic, Sabahudin"]
[Result "1-0"]
[WhiteElo "2222"]
[BlackElo "2333"]
[PlyCount "69"]
[EventDate "2011.08.13"]
[EventRounds "9"]
[EventCountry "AUT"]

1.e4 c5 2.c3 d5 3.exd5 Qxd5 4.d4 Nf6 5.Nf3 e6 6.Na3 Qd8 7.Nc2 b6 8.Bb5+ Bd7
9.Bxd7+ Nbxd7 10.O-O Qc7 11.Qe2 Bd6 12.Bg5 O-O 13.Rfd1 Rfe8 14.Na3 Bf8 15.Nb5
Qb8 16.Bh4 Qb7 17.dxc5 bxc5 18.Nd6 Bxd6 19.Rxd6 Nf8 20.Bxf6 gxf6 21.Rad1 a5
22.h4 Reb8 23.R1d2 Qc7 24.Qe4 Rd8 25.Rc6 Qe7 26.Qe3 Rdc8 27.Rcd6 Rab8 28.Nh2 f5
29.h5 f6 30.Nf1 Qg7 31.Ng3 Kh8 32.Ne2 e5 33.Qh3 f4 34.Qf5 a4 35.Rxf6 1-0

[Event "17. Int. Offene Wiener Schachmeisterschaft 2011 A-
[Site "Grosser Festsaal im Wiener Rathaus"]
[Date "2011.08.19"]
[Round "7"]
[Board "1"]
[White "Krebs, Johann"]
[Black "Wallner, Joachim"]
[Result "1-0"]
[WhiteElo "2256"]
[BlackElo "2328"]
[PlyCount "77"]
[EventDate "2011.08.13"]
[EventRounds "9"]
[EventCountry "AUT"]

1.d4 d5 2.c4 c6 3.Nf3 Nf6 4.Nc3 a6 5.c5 Nbd7 6.Bf4 Nh5 7.Bd2 g6 8.e4 dxe4 9.Ng5
Bg7 10.Bc4 O-O 11.Qb3 e6 12.Be3 Ndf6 13.Rd1 Nd5 14.Ngxe4 f5 15.Nd6 b5 16.Bxd5
exd5 17.f3 Qe7 18.Ne2 a5 19.O-O a4 20.Qd3 f4 21.Bf2 Bf5 22.Qd2 g5 23.Rfe1 Qd7
24.Nc1 Bf6 25.Nd3 Ng7 26.Ne5 Qc7 27.Re2 Be6 28.Rde1 Be7 29.Nef7 Rxf7 30.Nxf7
Kxf7 31.Qd3 Bf6 32.Qxh7 Bf5 33.Qh6 Bg6 34.g4 fxg3 35.Bxg3 Qc8 36.Re7+ Bxe7
37.Rxe7+ Kxe7 38.Qxg7+ Bf7 39.Bd6+ 1-0

[Event "17. Int. Offene Wiener Schachmeisterschaft 2011 A-
[Site "Grosser Festsaal im Wiener Rathaus"]
[Date "2011.08.19"]
[Round "7"]
[Board "1"]
[White "Ortiz, Nadya"]
[Black "Ortmann, David"]
[Result "0-1"]
[WhiteElo "2242"]
[BlackElo "2322"]
[PlyCount "86"]
[EventDate "2011.08.13"]
[EventRounds "9"]
[EventCountry "AUT"]

1.e4 c6 2.d4 d5 3.Nd2 dxe4 4.Nxe4 Nd7 5.Bc4 Ngf6 6.Ng5 e6 7.Qe2 Nb6 8.Bb3 h6
9.N5f3 c5 10.Bf4 Nbd5 11.Bd2 Qc7 12.O-O-O a6 13.h4 Be7 14.dxc5 Qxc5 15.Ne5 b5
16.g4 a5 17.a4 Ba6 18.Ngf3 bxa4 19.Bxa4+ Kf8 20.Qe1 Bb5 21.Bb3 a4 22.Ba2 a3
23.b3 Nb4 24.Bxb4 Qxb4 25.Qxb4 Bxb4 26.c4 Be8 27.Kc2 Ne4 28.Rd4 Nc5 29.Rhd1 f6
30.Nd3 Bg6 31.Nfe1 Bxe1 32.Rxe1 Nxd3 33.Rxd3 Rd8 34.Red1 Ke7 35.Kc3 Rxd3+
36.Rxd3 Bxd3 37.Kxd3 Rd8+ 38.Kc3 Rd1 39.b4 Rf1 40.Kb3 Rxf2 41.Kxa3 e5 42.c5 e4
43.b5 Rxa2+ 0-1

[Event "17. Int. Offene Wiener Schachmeisterschaft 2011 A-
[Site "Grosser Festsaal im Wiener Rathaus"]
[Date "2011.08.19"]
[Round "7"]
[Board "1"]
[White "Maryasin, Boris"]
[Black "Petermann, Michail"]
[Result "1/2-1/2"]
[WhiteElo "2321"]
[BlackElo "2149"]
[PlyCount "76"]
[EventDate "2011.08.13"]
[EventRounds "9"]
[EventCountry "AUT"]

1.d4 Nf6 2.Nc3 d5 3.Bg5 Bf5 4.Bxf6 exf6 5.e3 c6 6.Bd3 Qd7 7.Nge2 Bxd3 8.Qxd3 f5
9.O-O Bd6 10.a3 Qe6 11.b4 Nd7 12.Na4 O-O 13.Nc5 Nxc5 14.bxc5 Bc7 15.Rfc1 b5
16.cxb6 axb6 17.c4 Bd6 18.a4 dxc4 19.Qxc4 Rfc8 20.Rab1 Rab8 21.g3 g6 22.Rc2 Qe4
23.Rcc1 Ba3 24.Rd1 b5 25.axb5 cxb5 26.Qb3 Qc2 27.Qxa3 Qxe2 28.Qd3 Rc2 29.Qxe2
Rxe2 30.Rb4 Kg7 31.Rdb1 Ra8 32.Rxb5 Raa2 33.Rf1 Red2 34.Rbb1 Kf6 35.h4 Ke6 36.h5
Kf6 37.Rbd1 Rdc2 38.d5 Rd2 1/2-1/2

[Event "17. Int. Offene Wiener Schachmeisterschaft 2011 A-
[Site "Grosser Festsaal im Wiener Rathaus"]
[Date "2011.08.19"]
[Round "7"]
[Board "1"]
[White "Fiderer, Lukas"]
[Black "Certek, Pavel"]
[Result "0-1"]
[WhiteElo "2183"]
[BlackElo "2314"]
[PlyCount "54"]
[EventDate "2011.08.13"]
[EventRounds "9"]
[EventCountry "AUT"]

1.e4 c5 2.Nf3 Nc6 3.d4 cxd4 4.Nxd4 g6 5.Be3 Bg7 6.Nc3 Nf6 7.Bc4 Qa5 8.O-O O-O
9.Bb3 d6 10.h3 Bd7 11.Re1 Rfd8 12.Qe2 Qh5 13.Nf3 b5 14.Ng5 Ne5 15.g4 Nfxg4
16.hxg4 Bxg4 17.f3 Nxf3+ 18.Nxf3 Bxf3 19.Qh2 Qg4+ 20.Kf2 Bxe4 21.Nxe4 Qxe4
22.Rab1 Qf5+ 23.Kg1 Qg4+ 24.Kf1 Be5 25.Qf2 d5 26.Re2 a5 27.c3 Ra6 0-1

[Event "17. Int. Offene Wiener Schachmeisterschaft 2011 A-
[Site "Grosser Festsaal im Wiener Rathaus"]
[Date "2011.08.19"]
[Round "7"]
[Board "1"]
[White "Klocker, Benedikt"]
[Black "Gleizerov, Evgeny"]
[Result "0-1"]
[WhiteElo "2218"]
[BlackElo "2590"]
[PlyCount "103"]
[EventDate "2011.08.13"]
[EventRounds "9"]
[EventCountry "AUT"]

1.d4 e6 2.c4 f5 3.g3 Nf6 4.Bg2 c6 5.Nf3 d5 6.O-O Bd6 7.Nc3 O-O 8.Qc2 Bd7 9.Rb1
Be8 10.b4 dxc4 11.b5 a6 12.bxa6 Nxa6 13.Rxb7 Qc8 14.Rb2 Nd5 15.Nb1 c3 16.Nxc3
Nab4 17.Qd2 Nxc3 18.Qxc3 Nxa2 19.Qc4 Nxc1 20.Rc2 Ba3 21.Ne5 Rf6 22.Qc3 Qa6
23.Nc4 Bh5 24.f3 Rff8 25.Qe3 c5 26.dxc5 f4 27.Qxa3 Nxe2+ 28.Rxe2 Qxc4 29.Qb2
fxg3 30.hxg3 Qxc5+ 31.Kh2 Bf7 32.Qe5 Qb6 33.Rb2 Qd8 34.f4 Ra5 35.Rb5 Ra2 36.Rb2
Ra3 37.Rf3 Ra5 38.Rb5 Rxb5 39.Qxb5 Qf6 40.Qe5 Rc8 41.Ra3 Qxe5 42.fxe5 h5 43.Ra8
Rxa8 44.Bxa8 g5 45.Kg2 Kg7 46.Kf3 Bg6 47.Ke3 Bf5 48.Bf3 Kg6 49.Be2 Bc2 50.Kd4 g4
51.Bb5 Kg5 52.Bc4 0-1

[Event "17. Int. Offene Wiener Schachmeisterschaft 2011 A-
[Site "Grosser Festsaal im Wiener Rathaus"]
[Date "2011.08.19"]
[Round "7"]
[Board "1"]
[White "Degraeve, Jean-Marc"]
[Black "Caruso, Augusto"]
[Result "1-0"]
[WhiteElo "2574"]
[BlackElo "2247"]
[PlyCount "63"]
[EventDate "2011.08.13"]
[EventRounds "9"]
[EventCountry "AUT"]

1.d4 f5 2.e4 fxe4 3.Nc3 Nf6 4.Bg5 c6 5.f3 Qb6 6.Qd2 e3 7.Qxe3 Qxb2 8.Rb1 Qxc2
9.Rc1 Qb2 10.Bd3 e6 11.Nge2 Na6 12.O-O Be7 13.f4 Nc7 14.f5 Qa3 15.Nf4 Qa5 16.Qh3
O-O 17.d5 exd5 18.Ng6 Bc5+ 19.Kh1 Rf7 20.Ne5 Rf8 21.Bxf6 Rxf6 22.Ng4 Be7 23.Rfe1
Qa3 24.Qg3 Ne8 25.Rc2 Rf8 26.Rce2 Bd6 27.Nh6+ Kh8 28.Nf7+ Rxf7 29.Rxe8+ Rf8
30.Qh3 Kg8 31.f6 Kf7 32.Qh5+ 1-0

[Event "17. Int. Offene Wiener Schachmeisterschaft 2011 A-
[Site "Grosser Festsaal im Wiener Rathaus"]
[Date "2011.08.19"]
[Round "7"]
[Board "1"]
[White "Hera, Imre"]
[Black "Scharrer, Patrick"]
[Result "0-1"]
[WhiteElo "2536"]
[BlackElo "2233"]
[PlyCount "74"]
[EventDate "2011.08.13"]
[EventRounds "9"]
[EventCountry "AUT"]

1.d4 g6 2.c4 Bg7 3.Nf3 d6 4.g3 Nd7 5.Bg2 e5 6.O-O Ne7 7.Nc3 O-O 8.e4 exd4 9.Nxd4
Nc6 10.Nde2 a5 11.Rb1 Nc5 12.Be3 Be6 13.b3 Re8 14.Qd2 a4 15.Nb5 axb3 16.axb3
Nxb3 17.Rxb3 Bxc4 18.Qc2 Bxb3 19.Qxb3 Qd7 20.f4 Ra6 21.f5 Ne5 22.Bh3 Qc6 23.Nbc3
Qc4 24.Qxb7 Ra3 25.Qb2 Rb3 26.Qd2 Reb8 27.f6 Rb2 28.Qd1 Bf8 29.Bd4 c5 30.Bxe5
dxe5 31.Bg4 R8b3 32.Rf3 h5 33.Bd7 Rxe2 34.Bb5 Qd4+ 35.Qxd4 cxd4 36.Bxe2 dxc3
37.Kg2 c2 0-1

[Event "17. Int. Offene Wiener Schachmeisterschaft 2011 A-
[Site "Grosser Festsaal im Wiener Rathaus"]
[Date "2011.08.19"]
[Round "7"]
[Board "1"]
[White "Timoscenko, Gennadij"]
[Black "Mitchell, Martin"]
[Result "1-0"]
[WhiteElo "2502"]
[BlackElo "2228"]
[PlyCount "113"]
[EventDate "2011.08.13"]
[EventRounds "9"]
[EventCountry "AUT"]

1.d4 Nf6 2.c4 e6 3.Nc3 Bb4 4.Qc2 c5 5.dxc5 Nc6 6.a3 Bxc3+ 7.Qxc3 Ne4 8.Qc2 Qa5+
9.Bd2 Nxd2 10.Qxd2 Qxc5 11.Rc1 a5 12.e3 a4 13.Nf3 O-O 14.Be2 Na5 15.Rc3 b6
16.O-O Nb3 17.Qc2 Bb7 18.Rd1 Bxf3 19.Bxf3 Ra7 20.Qd3 Rc8 21.h4 Na5 22.Be2 Rac7
23.Qe4 f5 24.Qf4 Nc6 25.Rcd3 Qe7 26.h5 h6 27.Rc3 Na5 28.e4 e5 29.Qxf5 Rf8 30.Qh3
Nc6 31.Rd2 Rf4 32.Qe3 Nd4 33.Bd1 Qf7 34.g3 Rf6 35.Qd3 d6 36.Kg2 Ra7 37.Qe3 Qc7
38.f4 Qc5 39.f5 Ra5 40.g4 Ra7 41.Be2 Ra5 42.Bf1 Kh7 43.Kh2 Kh8 44.Rg2 Ra7 45.g5
hxg5 46.Rxg5 Rh6 47.Qg3 Qc7 48.Qg4 Qe7 49.Rg6 Rh7 50.Rg3 Qd7 51.Qg5 Kg8 52.h6
Kf8 53.Bh3 Ne2 54.Rxg7 Rxg7 55.hxg7+ Kg8 56.f6 Qf7 57.Qh6 1-0

[Event "17. Int. Offene Wiener Schachmeisterschaft 2011 A-
[Site "Grosser Festsaal im Wiener Rathaus"]
[Date "2011.08.19"]
[Round "7"]
[Board "1"]
[White "Kostic, Vladimir"]
[Black "Lewicki, Miroslaw"]
[Result "1/2-1/2"]
[WhiteElo "2445"]
[BlackElo "2222"]
[PlyCount "103"]
[EventDate "2011.08.13"]
[EventRounds "9"]
[EventCountry "AUT"]

1.e4 c5 2.Nf3 d6 3.d4 Nf6 4.Nc3 cxd4 5.Nxd4 a6 6.h3 e6 7.g4 d5 8.exd5 Nxd5
9.Nde2 Bb4 10.Bd2 Nxc3 11.Bxc3 Bxc3+ 12.Nxc3 Qb6 13.Qc1 Bd7 14.Nd1 Bc6 15.Rg1
Nd7 16.Qe3 Qa5+ 17.Qc3 Qe5+ 18.Qxe5 Nxe5 19.Be2 Ng6 20.Ne3 Nf4 21.h4 Ke7 22.Rd1
Rad8 23.Rg3 g6 24.Rxd8 Rxd8 25.Bf1 h5 26.gxh5 Nxh5 27.Rg4 e5 28.Rg5 Rd4 29.Rxh5
gxh5 30.Nf5+ Ke6 31.Nxd4+ exd4 32.Be2 Be4 33.Bxh5 Bxc2 34.Bf3 b6 35.Kd2 Bb1
36.a3 Kf5 37.Bh5 f6 38.Be2 a5 39.b4 axb4 40.axb4 Kf4 41.Bd3 Ba2 42.Bg6 Bc4 43.h5
Kg5 44.f4+ Kh6 45.Be8 Kg7 46.Ke1 Kh6 47.Kd2 Kg7 48.Bd7 Kh6 49.Bg4 Bb5 50.Bd1 Bc4
51.Bf3 Bb5 52.Bd1 1/2-1/2

[Event "17. Int. Offene Wiener Schachmeisterschaft 2011 A-
[Site "Grosser Festsaal im Wiener Rathaus"]
[Date "2011.08.19"]
[Round "7"]
[Board "1"]
[White "Diermair, Andreas"]
[Black "Gasik, Anna"]
[Result "1-0"]
[WhiteElo "2432"]
[BlackElo "2220"]
[PlyCount "75"]
[EventDate "2011.08.13"]
[EventRounds "9"]
[EventCountry "AUT"]

1.Nf3 d5 2.d4 Nf6 3.c4 c6 4.Nc3 e6 5.Bg5 h6 6.Bh4 dxc4 7.e4 g5 8.Bg3 b5 9.Be2
Bg7 10.O-O O-O 11.Qc2 g4 12.Ne5 Qxd4 13.Rad1 Qc5 14.Nxg4 Nxg4 15.Bxg4 e5 16.Bxc8
Rxc8 17.Qe2 Na6 18.Rd7 Qf8 19.Qg4 Nc5 20.Rd2 Qe7 21.f4 exf4 22.Bxf4 Qe6 23.Qh5
Nd3 24.Bg3 Rf8 25.Re2 Nxb2 26.e5 Nd3 27.Ne4 Qg6 28.Qh4 Rae8 29.Nf6+ Bxf6 30.Rxf6
Qg5 31.Rxh6 Qxh4 32.Bxh4 Kg7 33.Rh5 Kg6 34.Rg5+ Kh6 35.Rf5 c3 36.Bf6 Kg6 37.Rg5+
Kh6 38.Re4 1-0

[Event "17. Int. Offene Wiener Schachmeisterschaft 2011 A-
[Site "Grosser Festsaal im Wiener Rathaus"]
[Date "2011.08.19"]
[Round "7"]
[Board "1"]
[White "Wiedermann, Daniel"]
[Black "Schroll, Gerhard"]
[Result "1/2-1/2"]
[WhiteElo "2209"]
[BlackElo "2414"]
[PlyCount "42"]
[EventDate "2011.08.13"]
[EventRounds "9"]
[EventCountry "AUT"]

1.d4 Nf6 2.c4 e6 3.Nc3 Bb4 4.Qc2 O-O 5.e4 d5 6.e5 Ne4 7.a3 Bxc3+ 8.bxc3 c5 9.Bd3
Qa5 10.Bxe4 dxe4 11.Bd2 Qa6 12.Qxe4 Qxc4 13.Nf3 Bd7 14.Ng5 g6 15.Qh4 h5 16.Ne4
Bb5 17.Nf6+ Kh8 18.O-O-O Qb3 19.Qg5 Qxa3+ 20.Kc2 Qa2+ 21.Kc1 Qa3+ 1/2-1/2

[Event "17. Int. Offene Wiener Schachmeisterschaft 2011 A-
[Site "Grosser Festsaal im Wiener Rathaus"]
[Date "2011.08.19"]
[Round "7"]
[Board "1"]
[White "Kummer, Helmut"]
[Black "Frindt, Kornel"]
[Result "1-0"]
[WhiteElo "2362"]
[BlackElo "2209"]
[PlyCount "63"]
[EventDate "2011.08.13"]
[EventRounds "9"]
[EventCountry "AUT"]

1.d4 Nf6 2.c4 g6 3.Nc3 Bg7 4.e4 d6 5.Be2 O-O 6.Bg5 c5 7.d5 a6 8.a4 h6 9.Be3 e6
10.Qd2 exd5 11.cxd5 Re8 12.f3 Kh7 13.g4 Nbd7 14.h4 Ng8 15.Nh3 Ne5 16.Ng5+ hxg5
17.hxg5+ Bh6 18.Kd1 Qa5 19.Kc2 c4 20.Bd4 Qb4 21.Qf4 Qb3+ 22.Kd2 f6 23.Rxh6+ Nxh6
24.Rh1 Qxb2+ 25.Ke3 f5 26.Rxh6+ Kg8 27.Qh2 Qc1+ 28.Kf2 Qxg5 29.Rh8+ Kf7 30.Qh7+
Kf6 31.Rxe8 Qf4 32.Qe7# 1-0

[Event "17. Int. Offene Wiener Schachmeisterschaft 2011 A-
[Site "Grosser Festsaal im Wiener Rathaus"]
[Date "2011.08.19"]
[Round "7"]
[Board "1"]
[White "Vlcek, Stanislav"]
[Black "Trkulja, Zoran"]
[Result "1-0"]
[WhiteElo "2335"]
[BlackElo "2208"]
[PlyCount "53"]
[EventDate "2011.08.13"]
[EventRounds "9"]
[EventCountry "AUT"]

1.e4 c5 2.Nf3 d6 3.d4 cxd4 4.Nxd4 Nf6 5.Nc3 a6 6.f4 e5 7.Nf3 Nbd7 8.a4 Be7 9.Bd3
O-O 10.O-O Nc5 11.Kh1 d5 12.Nxe5 Ncxe4 13.Be3 Nxc3 14.bxc3 Qc7 15.Bd4 b6 16.Qf3
Bb7 17.Qg3 Bc5 18.Qh4 Ne4 19.f5 f6 20.Ng6 Rfe8 21.Nf4 Bxd4 22.cxd4 Qf7 23.Ne6
Bc8 24.Bxe4 dxe4 25.d5 g6 26.fxg6 hxg6 27.Rxf6 1-0

[Event "17. Int. Offene Wiener Schachmeisterschaft 2011 A-
[Site "Grosser Festsaal im Wiener Rathaus"]
[Date "2011.08.19"]
[Round "7"]
[Board "1"]
[White "Varga, Melinda"]
[Black "Froewis, Georg"]
[Result "0-1"]
[WhiteElo "2152"]
[BlackElo "2329"]
[PlyCount "136"]
[EventDate "2011.08.13"]
[EventRounds "9"]
[EventCountry "AUT"]

1.Nf3 d6 2.d4 g6 3.g3 Bg7 4.Bg2 Nf6 5.c4 O-O 6.Nc3 Nbd7 7.O-O e5 8.e4 exd4
9.Nxd4 a6 10.h3 Rb8 11.Re1 Ne5 12.b3 c5 13.Nc2 b5 14.cxb5 axb5 15.Rb1 b4 16.Nd5
Nxd5 17.Qxd5 Bb7 18.Qd1 Qa5 19.a3 bxa3 20.Bxa3 Ba6 21.Bf1 Bxf1 22.Kxf1 Qa6+
23.Kg2 f5 24.Qd5+ Kh8 25.f4 Nd3 26.Re3 fxe4 27.Qxe4 Nb4 28.Bb2 Bxb2 29.Rxb2 Nc6
30.Qd3 Qa8 31.Kh2 Rbe8 32.Qc3+ Kg8 33.Qc4+ Kg7 34.Qc3+ Kh6 35.Rxe8 Rxe8 36.Ne3
Nd4 37.Ng4+ Kg7 38.Rf2 h5 39.Ne3 Kh7 40.Nc2 Nf5 41.Qd3 h4 42.gxh4 Qe4 43.Qd1 Kh6
44.Qg4 Ng7 45.Qg3 Kh7 46.Qg4 Qd3 47.Qg3 Qxg3+ 48.Kxg3 Nf5+ 49.Kg4 d5 50.Rd2 Rd8
51.h5 d4 52.hxg6+ Kxg6 53.Ne1 Rb8 54.Rd3 Ne3+ 55.Kf3 Kf5 56.h4 Nd5 57.Ng2 Rg8
58.Rd2 Nc3 59.Rc2 Ne4 60.Ne1 Rg3+ 61.Ke2 Re3+ 62.Kf1 Rxb3 63.h5 Rh3 64.h6 Rxh6
65.Nd3 c4 66.Ne5 c3 67.Nd3 Rh3 68.Ke2 Re3+ 0-1

[Event "17. Int. Offene Wiener Schachmeisterschaft 2011 A-
[Site "Grosser Festsaal im Wiener Rathaus"]
[Date "2011.08.19"]
[Round "7"]
[Board "1"]
[White "Szalanczy, Emil"]
[Black "Lacrosse, Marc"]
[Result "1-0"]
[WhiteElo "2325"]
[BlackElo "2185"]
[PlyCount "124"]
[EventDate "2011.08.13"]
[EventRounds "9"]
[EventCountry "AUT"]

1.e4 e5 2.Nf3 Nc6 3.Bb5 a6 4.Ba4 Nf6 5.O-O Nxe4 6.d4 b5 7.Bb3 d5 8.dxe5 Be6
9.Be3 Be7 10.Nbd2 Qd7 11.c3 Rd8 12.Bc2 Bf5 13.h3 O-O 14.Nb3 Rfe8 15.Rc1 Bg6
16.Re1 f6 17.exf6 Bxf6 18.Bd3 Bh5 19.Bd4 Bxf3 20.Qxf3 Bxd4 21.cxd4 Rf8 22.Qg4
Nxf2 23.Qxd7 Rxd7 24.Bxh7+ Kxh7 25.Rxc6 Nd3 26.Re2 Nb4 27.Rce6 Nxa2 28.Nc5 Rdf7
29.Rxa6 Nb4 30.Ra1 Kg8 31.Rc1 Ra8 32.Rc3 Ra1+ 33.Kh2 Rd1 34.Ne6 c6 35.Ra3 Rf6
36.h4 Nd3 37.Ng5 b4 38.Ra7 Re1 39.Rd2 Re3 40.Rb7 Rf8 41.g3 Rfe8 42.b3 Re2+
43.Rxe2 Rxe2+ 44.Kh3 Nf2+ 45.Kg2 Ne4+ 46.Kf3 Rf2+ 47.Ke3 Rf8 48.Nxe4 Re8 49.Rxb4
Rxe4+ 50.Kf3 Kf7 51.g4 g6 52.Kg3 Kf6 53.Rb6 Rxd4 54.Rxc6+ Ke5 55.Rxg6 Rd3+
56.Kf2 Rxb3 57.h5 d4 58.h6 Rb2+ 59.Kg3 Rb3+ 60.Kh4 Rb1 61.Kg5 Rh1 62.Rg8 Kd5 1-0

[Event "17. Int. Offene Wiener Schachmeisterschaft 2011 A-
[Site "Grosser Festsaal im Wiener Rathaus"]
[Date "2011.08.19"]
[Round "7"]
[Board "1"]
[White "Feher, Adam"]
[Black "Bezuch, Martin"]
[Result "1-0"]
[WhiteElo "2323"]
[BlackElo "2198"]
[PlyCount "99"]
[EventDate "2011.08.13"]
[EventRounds "9"]
[EventCountry "AUT"]

1.e4 g6 2.d4 Bg7 3.Nf3 d6 4.Bc4 h6 5.Nc3 a6 6.a4 Nd7 7.O-O c5 8.Re1 cxd4 9.Nxd4
Ngf6 10.a5 O-O 11.Nd5 Nxd5 12.exd5 Qc7 13.Bf1 Ne5 14.h3 Nc4 15.Bxc4 Qxc4 16.c3
Re8 17.Nf3 Bd7 18.Be3 Rac8 19.Qd2 Kh7 20.Bb6 Bf5 21.Re3 Bf6 22.Rae1 Kg7 23.g4
Bd7 24.Re4 Qa2 25.Bd4 e5 26.dxe6 Rxe6 27.Rxe6 Bxe6 28.Bxf6+ Kxf6 29.Qxd6 Qxa5
30.Qd4+ Ke7 31.Ne5 g5 32.Qe4 Qd5 33.Qb4+ Kf6 34.c4 Qd4 35.Qxb7 a5 36.Nxf7 Rxc4
37.Qa6 Qd5 38.Nd8 Re4 39.Rxe4 Qxe4 40.Nxe6 Qe1+ 41.Kg2 Qxe6 42.Qxe6+ Kxe6 43.f4
gxf4 44.Kf3 a4 45.Kxf4 Kd5 46.Ke3 Kc4 47.Kd2 Kd4 48.h4 Ke4 49.Kc3 Kf4 50.g5 1-0